Matematická štatistika /

Saved in:
Bibliographic Details
Main Author: Wimmer, Gejza (Author)
Format: Book
Language:Slovak
Published: Hradec Králové : Gaudeamus, 1993
Edition:1.vyd.
Tags: Add Tag
No Tags, Be the first to tag this record!

MARC

LEADER 00000nam a22000003a 4500
001 stu4772
005 20150617225811.7
008 931105s1993----xr------------------slo-d
020 |a 80-7041-864-8 
040 |a STU  |b slo 
041 0 |a slo 
044 |a xr 
080 |a 519.22 
100 1 |a Wimmer, Gejza  |4 aut 
245 1 |a Matematická štatistika /  |c [aut.] Wimmer,Gejza 
250 |a 1.vyd. 
260 |a Hradec Králové :  |b Gaudeamus,  |c 1993 
300 |a 154 s 
996 |b E78403  |c E*78403  |l EE03  |s P  |a 0  |w stu4772_0001 
996 |b E78404  |c E*78404  |l EE03  |s P  |a 0  |w stu4772_0002